| 000 | 00728nam a22002412 4500 | ||
|---|---|---|---|
| 001 | 0000020474 | ||
| 005 | 20151217152215.0 | ||
| 008 | 110919s xx 000 0 eng d | ||
| 020 | _a0470849972 : | ||
| 040 |
_aKABU _cKABU |
||
| 100 | 1 |
_aFord, Derek. _@0000180749 |
|
| 245 | 1 | 0 |
_aKarst hydrgeology and geomorphology / _cDerek Ford and Paul Williams. |
| 250 | _a1st ed. | ||
| 260 |
_aChichester, U. K. : _bJ. Wiley, _c2007. |
||
| 300 | _axiii, 562 p. | ||
| 650 | 0 |
_aKarst. _@0000180750 |
|
| 650 | 0 |
_aHydrology, Karst. _@0000180751 |
|
| 650 | 0 |
_aGeomorphology. _@0000149719 |
|
| 700 | 1 |
_aWilliams, Paul. _@0000180752 |
|
| 852 | 1 | _9p6043 KES | |
| 908 | _a110919 | ||
| 950 | _@1 | ||
| 999 |
_c9351 _d9351 |
||